000 00554nam a2200169 i 4500
001 149334
003 ES-MaACL
005 20230906203043.0
007 t|
008 071019s1944 sp ||||1| spa d
100 1 _aVanzype, Gustave.
_9113086
245 1 0 _aRubens
_b: el genio razonable /
_cpor Gustave Vanzype ; versión española por María Eugenia M. de Pineda.
260 _aMadrid :
_b[Edic. y Public. Españolas],
_c1944.
300 _a185 p. ;
_c17 cm.
700 1 _aM. de Pineda, Maria Eugenia.
_974978
852 _aES-MaACL
_jA-3597
_bR.23023
999 _c149334
_d149334